000 00583nam a2200193Ia 4500
008 240729s9999 xx 000 0 und d
022 _a1748-1325
245 0 _aInternational Journal of Low-Carbon Technologies
260 _aUnited Kingdom
260 _bOxford University Press
650 _a Mechanical engineering and machinery
650 _a Meteorology. Climatology
650 _a Physics
650 _a Renewable energy sources | Science
650 _aTechnology
856 _uhttps://doaj.org/toc/0598366a681341a4857aee202f5a5036
942 _2ddc
942 _cDOAJEJ
999 _c73725
_d73725
945 _a1
_bMadushi Gamage
_c1
_dMadushi Gamage